000 01055nam0a2200301 4500
001 RU\NLR\bibl\2087
005 20260406041649.0
010 _a5-7024-0684-2
_951000
021 _aRU
_b98-1899
_992
035 _a(NLR Aleph) 000001987
090 _a3305
_c3305
100 _a19980623d1997 |||y0rusy50 ca
101 1 _arus
_ceng
102 _aRU
105 _a|||||||||||||
200 1 _aВ плену его чар
_eРоман
_fЛилиан Колберт
_g[Пер. с англ. Л.М. Данько]
210 _aМ.
_cМеждунар. журн. "Панорама"
_d1997
215 _a189 c.
_d17
225 1 _aПанорама романов о любви
311 _aЛит.-худож. прил. к междунар. журн. "Панорама"
686 _aШ6(4Вл)67-440.4
700 1 _4070
_8rus
_7ca
_aКолберт
_bЛ.
_gЛилиан
_3RU\NLR\auth\772022
_9112039
801 0 _aRU
_bNLR
_c19980623
_gPSBO
801 1 _aRU
_bNLR
_c19980623
852 _aNLR
_j98-2/279
942 _cBOOK
980 _aNB